|
|
|
|
| LEADER |
00000nam a2200000 a 4500 |
| 005 |
2014012304144.0 |
| 007 |
cr cn||||||||| |
| 008 |
130703s2008 ag sb 000 0 spa d |
| 020 |
|
|
|a 9789876430029
|
| 035 |
|
|
|a 11739
|
| 040 |
|
|
|a FlNmELB
|c FlNmELB
|d BUS
|d vLex
|
| 080 |
|
|
|a 34
|
| 082 |
0 |
4 |
|a 347.05
|2 23
|
| 090 |
|
|
|c 4662
|d 4662
|
| 100 |
1 |
|
|a Alvarez, Pablo Daniel.
|
| 245 |
1 |
0 |
|a Tutela anticipada
|h [Recurso electrn̤ico] /
|c Pablo Daniel Alvarez.
|
| 256 |
|
|
|a Servicio en lƯ̕nea.
|
| 260 |
|
|
|a Cr̤doba :
|b Alveroni Ediciones,
|c 2008.
|
| 300 |
|
|
|a 1 recurso electrn̤ico
|
| 504 |
|
|
|a Contiene bibliografƯ̕a.
|
| 506 |
1 |
|
|a Contenido disponible solo en los productos indicados
|d vLex Global
|d vLex Global (Academic Edition, excluding Law Schools)
|d vLex Global (U.S. Academic Edition, Law Schools)
|d vLex Global (U.S. Academic Edition, excluding Law Schools)
|d vLex Global (Academic Edition, Law Schools)
|
| 650 |
0 |
4 |
|a Tutela (Derecho)
|z Argentina
|
| 650 |
0 |
4 |
|a Derecho procesal
|z Argentina
|
| 740 |
0 |
|
|a vLex Libros (Servicio en ln̕ea)
|
| 856 |
4 |
0 |
|u http://vlex.com/source/tutela-anticipada-11739
|z Acceso restringido
|
| 942 |
|
|
|c BOOK
|
| 999 |
0 |
|
|a Guardian (law)
|
| 999 |
0 |
|
|a Procedure (Law)
|